[Event "10. Lichtenberger Sommer"]
[Site "Berlin"]
[Date "2011.08.17"]
[Round "5.94"]
[White "Lagunow, Elina"]
[Black "Stiefel, Marika"]
[Result "1-0"]
[WhiteElo "1713"]
[BlackElo "1772"]
[PlyCount "79"]
[EventDate "2011.??.??"]
[WhiteTeam "SG Grün-Weiß Baumschulenweg e.V."]
[BlackTeam "SSV Vimaria 91 Weimar"]

1. e4 c5 2. c3 e6 3. d4 d5 4. exd5 exd5 5. Bd3 Nf6 6. Bf4 Bd6 7. Bxd6 Qxd6 8.
Nf3 Bg4 9. O-O O-O 10. dxc5 Qxc5 11. Nbd2 Nbd7 12. Qa4 Qd6 13. Rfe1 Nc5 14. Qd4
Nxd3 15. Qxd3 Qf4 16. Nd4 Bh5 17. Qe3 Qxe3 18. Rxe3 Rfe8 19. Rae1 Rxe3 20. Rxe3
Re8 21. Rxe8+ Nxe8 22. f3 Nd6 23. b3 Bg6 24. Kf2 a6 25. a4 Nf5 26. Nxf5 Bxf5
27. Ke3 Bd7 28. Kd4 Bc6 29. Nf1 f6 30. Ne3 Kf7 31. Nxd5 Ke6 32. c4 b5 33. axb5
axb5 34. Nc7+ Kd6 35. Nxb5+ Bxb5 36. cxb5 f5 37. f4 h6 38. h4 g6 39. g3 h5 40.
Kc4 1-0

[Event "10. Lichtenberger Sommer"]
[Site "Berlin"]
[Date "2011.08.17"]
[Round "5.95"]
[White "Ollek, Karl-Heinz"]
[Black "Lehmann, Tornalf"]
[Result "1/2-1/2"]
[WhiteElo "1803"]
[BlackElo "1637"]
[PlyCount "79"]
[EventDate "2011.??.??"]
[WhiteTeam "SC Friesen Lichtenberg e.V."]
[BlackTeam "SC Heilsbronn 1951 e.V."]

1. d4 Nf6 2. c4 g6 3. Nc3 Bg7 4. e4 d6 5. Bd3 e5 6. dxe5 dxe5 7. Nge2 O-O 8.
O-O Nc6 9. a3 a5 10. f3 Nh5 11. Be3 Nd4 12. Rc1 f5 13. c5 Nxe2+ 14. Bxe2 f4 15.
Qb3+ Kh8 16. Bf2 c6 17. Rfd1 Qg5 18. h4 Qe7 19. Rd6 Ng3 20. Bxg3 fxg3 21. Kf1
Qxh4 22. Ke1 Bh6 23. Rc2 Qh1+ 24. Bf1 Bh3 25. Nd1 Bg4 26. Ke2 Bxf3+ 27. gxf3 g2
28. Bxg2 Qxg2+ 29. Nf2 Bg5 30. Rd1 Bh4 31. Rf1 g5 32. Rc3 g4 33. Qe6 gxf3+ 34.
Ke1 Bxf2+ 35. Rxf2 Qg3 36. Qb3 Rad8 37. Rcxf3 Rxf3 38. Qxf3 Qg1+ 39. Rf1 Qd4
40. Qf6+ 1/2-1/2

[Event "10. Lichtenberger Sommer"]
[Site "Berlin"]
[Date "2011.08.17"]
[Round "5.96"]
[White "Libera, Kay"]
[Black "Jachym, Christoph"]
[Result "0-1"]
[WhiteElo "1400"]
[BlackElo "1585"]
[PlyCount "73"]
[EventDate "2011.??.??"]
[WhiteTeam "vereinslos"]
[BlackTeam "SC Zugzwang 95 e.V."]

1. d4 Nf6 2. c4 g6 3. Nf3 Bg7 4. Nc3 O-O 5. Bf4 d6 6. e4 c5 7. d5 Ne8 8. Rc1 f5
9. e5 dxe5 10. Bxe5 Nf6 11. Bd3 Nbd7 12. Bf4 Ne4 13. Ng5 Nxc3 14. bxc3 Ne5 15.
O-O Nxd3 16. Qxd3 e5 17. Bd2 e4 18. Qg3 h6 19. Nxe4 fxe4 20. Qxg6 Bf5 21. Qg3
Rf6 22. Bf4 Rg6 23. Qe3 Qd7 24. Kh1 b6 25. h3 Qf7 26. g4 Bd7 27. Qxe4 Re8 28.
Qd3 Rf6 29. Bg3 Rf3 30. Qd2 Qg6 31. Kg2 Rd3 32. Qb2 Qe4+ 33. f3 Qxc4 34. Rfe1
Qxd5 35. Rxe8+ Bxe8 36. Qe2 Bc6 37. Rf1 0-1

[Event "10. Lichtenberger Sommer"]
[Site "Berlin"]
[Date "2011.08.17"]
[Round "5.97"]
[White "Schneider, Eckehard"]
[Black "Laurin, Dirk"]
[Result "1-0"]
[WhiteElo "1733"]
[BlackElo "1671"]
[PlyCount "133"]
[EventDate "2011.??.??"]
[WhiteTeam "Sfrd. Berlin 1903 e.V."]
[BlackTeam "SG Narva Berlin e.V."]

1. e4 Nf6 2. e5 Ne4 3. d4 e6 4. Bd3 d5 5. Nf3 c5 6. O-O cxd4 7. Nxd4 Nc5 8. Be2
Be7 9. Nc3 a6 10. a3 O-O 11. Be3 Nc6 12. Nxc6 bxc6 13. Qd4 Nd7 14. b4 c5 15.
bxc5 Bxc5 16. Qd2 Qc7 17. f4 Bxe3+ 18. Qxe3 Qc5 19. Qxc5 Nxc5 20. Rab1 Bd7 21.
Rb6 d4 22. Nd1 Rab8 23. Rd6 Bb5 24. Bxb5 Rxb5 25. Rxd4 Ra5 26. Rf3 f6 27. Rc3
fxe5 28. fxe5 Rb5 29. Rb4 Rxb4 30. axb4 Ne4 31. Rc6 Nd2 32. Ne3 Rb8 33. Rxe6
Rxb4 34. Rxa6 Ne4 35. g3 Rb1+ 36. Kg2 Rb2 37. e6 Kf8 38. Ra7 Nc5 39. e7+ Kf7
40. Kf3 Nb7 41. Nd5 Nd6 42. Rc7 Rb5 43. Nf4 Re5 44. e8=Q+ Kxe8 45. Rxg7 Nf5 46.
Rc7 h6 47. Nd3 Nd4+ 48. Kg4 Rg5+ 49. Kh3 Nf5 50. c3 Ne3 51. Nf4 Nd1 52. c4 Nf2+
53. Kh4 Ng4 54. h3 Ne3 55. g4 Ra5 56. c5 Ra4 57. Ne6 Nf5+ 58. Kh5 Ng3+ 59. Kxh6
Ra6 60. c6 Ra3 61. Rd7 Nf5+ 62. gxf5 Rxh3+ 63. Kg5 Rg3+ 64. Kf6 Rg6+ 65. Ke5
Rg2 66. Rd8+ Kf7 67. Rf8+ 1-0

[Event "10. Lichtenberger Sommer"]
[Site "Berlin"]
[Date "2011.08.17"]
[Round "5.98"]
[White "Reichert, Lutz"]
[Black "Kammler, Hans-Joachim"]
[Result "1-0"]
[WhiteElo "1757"]
[BlackElo "1519"]
[PlyCount "56"]
[EventDate "2011.??.??"]
[WhiteTeam "Schwarz-Weiß Neukölln e.V."]
[BlackTeam "vereinslos"]

1. g3 f5 2. Nf3 g6 3. c4 Nf6 4. Nc3 Bg7 5. d3 d6 6. Bg2 O-O 7. O-O e5 8. Rb1
Nc6 9. Bg5 h6 10. Bxf6 Bxf6 11. Qc1 f4 12. b4 Bg7 13. b5 Ne7 14. a4 Rb8 15. Qc2
Nf5 16. Ne4 g5 17. g4 Nd4 18. Nxd4 exd4 19. h3 b6 20. Qb3 Be6 21. Nd2 Qe7 22.
Qa3 Rbe8 23. a5 Qd7 24. Bc6 Qc8 25. f3 Bd7 26. Bd5+ Kh8 27. axb6 axb6 28. Ne4
c6 1-0

[Event "10. Lichtenberger Sommer"]
[Site "Berlin"]
[Date "2011.08.17"]
[Round "5.99"]
[White "Kühnert, Hanno"]
[Black "Engers, Felix"]
[Result "0-1"]
[WhiteElo "1313"]
[BlackElo "1536"]
[PlyCount "82"]
[EventDate "2011.??.??"]
[WhiteTeam "SC Rotation Pankow e.V."]
[BlackTeam "SC Zitadelle Spandau 1977 e.V."]

1. d4 Nf6 2. c4 e5 3. dxe5 Ng4 4. Nf3 Nc6 5. Bf4 Bb4+ 6. Bd2 Qe7 7. Qb3 Ngxe5
8. Nxe5 Bxd2+ 9. Nxd2 Nxe5 10. Qe3 O-O 11. f4 Ng6 12. Qxe7 Nxe7 13. e4 Nc6 14.
Bd3 Nb4 15. Ke2 Re8 16. a3 Na6 17. Rhe1 d6 18. h3 f5 19. Kf2 Nc5 20. Bc2 fxe4
21. b4 Ne6 22. Rxe4 Rf8 23. Rae1 Nxf4 24. Re8 Nd3+ 25. Kg1 Nxe1 26. Rxe1 Bf5
27. Bb3 c6 28. c5+ d5 29. Re7 Rf7 30. Re5 Kf8 31. Nf3 Re8 32. g4 Bc2 33. Rxe8+
Kxe8 34. Bxc2 Rxf3 35. Bxh7 Rxh3 36. Bf5 Rxa3 37. Bc8 Kd8 38. Be6 Re3 39. Bf5
g6 40. Bxg6 Rg3+ 41. Kf2 Rxg4 0-1

[Event "10. Lichtenberger Sommer"]
[Site "Berlin"]
[Date "2011.08.17"]
[Round "5.100"]
[White "Huelse, Hagen"]
[Black "Toth, Hans-Juergen"]
[Result "0-1"]
[WhiteElo "1702"]
[BlackElo "1641"]
[PlyCount "176"]
[EventDate "2011.??.??"]
[WhiteTeam "Forster Schachclub 95"]
[BlackTeam "Schachfreunde Zehdenick 76 e.V."]

1. d4 f5 2. Bf4 Nf6 3. e3 e6 4. Nd2 d5 5. c3 Be7 6. Be2 O-O 7. Bd3 b6 8. h3
Nbd7 9. Ngf3 c5 10. Ne5 Qe8 11. Ndf3 Nh5 12. Bh2 g6 13. Bb5 Nhf6 14. Bc6 Ba6
15. Bxa8 Qxa8 16. Nxd7 Nxd7 17. Qa4 Qb7 18. Qc2 Qc6 19. a4 Bf6 20. Ne5 Nxe5 21.
dxe5 Bh4 22. O-O-O Bc8 23. g3 Bd8 24. f4 Bd7 25. Kd2 a5 26. Ra1 Bc7 27. g4 Bd8
28. g5 Kg7 29. h4 Be8 30. Bg3 h5 31. gxh6+ Kxh6 32. Qd1 d4 33. Bf2 d3 34. Kxd3
Qd5+ 35. Ke2 Qxd1+ 36. Rhxd1 Bc7 37. c4 Bc6 38. b3 Kh5 39. Rg1 Rh8 40. Rg5+ Kh6
41. Rag1 Be8 42. Rd1 Bc6 43. h5 Rg8 44. hxg6 Rxg6 45. Rh1+ Bxh1 46. Bh4 Rxg5
47. Bxg5+ Kh5 48. Be7 Kg4 49. Bd6 Bd8 50. Bb8 Bf3+ 51. Kd2 Kg3 52. Bd6 Kf2 53.
Bf8 Be4 54. Bh6 Bb1 55. Bg5 Bc7 56. Bh4+ Kf3 57. Bg5 Kg4 58. Kc1 Be4 59. Kd2
Kh5 60. Bf6 Kg6 61. Be7 Kf7 62. Bh4 Ke8 63. Be1 Bd8 64. Kc3 Kf7 65. Kb2 Kg6 66.
Ka3 Kh5 67. b4 cxb4+ 68. Bxb4 axb4+ 69. Kxb4 Kg4 70. Kb5 Kf3 71. c5 bxc5 72.
Kxc5 Kxe3 73. Kd6 Bd5 74. Kd7 Ba5 75. Kd6 Kxf4 76. Kc5 Be1 77. Kb5 Kxe5 78. a5
Bxa5 79. Kxa5 f4 80. Kb4 f3 81. Kc3 f2 82. Kd2 f1=Q 83. Ke3 Qh3+ 84. Ke2 Qf3+
85. Kd2 Qb3 86. Ke1 Qc2 87. Kf1 Qd2 88. Kg1 Qg2# 0-1

[Event "10. Lichtenberger Sommer"]
[Site "Berlin"]
[Date "2011.08.17"]
[Round "5.101"]
[White "Herzsprung, Johanna"]
[Black "Kornijenko, Alexander"]
[Result "0-1"]
[WhiteElo "1148"]
[BlackElo "1648"]
[PlyCount "62"]
[EventDate "2011.??.??"]
[WhiteTeam "BSC Rehberge 1945 e.V."]
[BlackTeam "vereinslos"]

1. e4 e5 2. Nf3 Nc6 3. Bc4 Nf6 4. Nc3 Nxe4 5. Bxf7+ Kxf7 6. Nxe4 Be7 7. O-O Rf8
8. d3 Kg8 9. Be3 d5 10. Ned2 d4 11. Bh6 gxh6 12. h3 Be6 13. Re1 Bf6 14. Qc1 Bg5
15. Nxe5 Nxe5 16. Rxe5 Qf6 17. Qe1 Bxd2 18. Rxe6 Bxe1 19. Rxf6 Rxf6 20. Rxe1
Raf8 21. Re2 Ra6 22. a3 Rb6 23. b3 Rff6 24. Re4 Rbc6 25. Rxd4 Rxc2 26. f3 Rd6
27. Rg4+ Kf7 28. Rb4 b6 29. Rf4+ Kg6 30. Rg4+ Kh5 31. d4 Rg6 0-1

[Event "10. Lichtenberger Sommer"]
[Site "Berlin"]
[Date "2011.08.17"]
[Round "5.103"]
[White "Becker, Uwe"]
[Black "Kitzler, Gerhard"]
[Result "1-0"]
[WhiteElo "1791"]
[BlackElo "1588"]
[PlyCount "65"]
[EventDate "2011.??.??"]
[WhiteTeam "SV Glück auf Rüdersdorf e.V."]
[BlackTeam "vereinslos"]

1. d4 d5 2. c4 e6 3. Nc3 Nf6 4. Bg5 Be7 5. e3 O-O 6. Nf3 h6 7. Bh4 Re8 8. Bd3
b6 9. cxd5 exd5 10. O-O Bg4 11. Be2 Qc8 12. Rc1 Qe6 13. Nb5 Na6 14. Nxc7 Nxc7
15. Rxc7 Rec8 16. Qc2 Bd6 17. Rxc8+ Rxc8 18. Qd2 g5 19. Bg3 Bxg3 20. hxg3 Ne4
21. Qd3 Bf5 22. Qa3 Qd7 23. Ne5 Qc7 24. Bh5 Nd6 25. Bf3 Be6 26. Be2 Kg7 27. b3
Ne4 28. Ba6 Rd8 29. Rc1 Nc3 30. Kh2 Nb1 31. Rxc7 Nxa3 32. Rxa7 Rb8 33. Bd3 1-0

[Event "10. Lichtenberger Sommer"]
[Site "Berlin"]
[Date "2011.08.17"]
[Round "5.104"]
[White "Duric, Rajko"]
[Black "Schröder, Gert"]
[Result "1-0"]
[WhiteElo "1808"]
[BlackElo "1386"]
[PlyCount "55"]
[EventDate "2011.??.??"]
[WhiteTeam "SC Kreuzberg e.V."]
[BlackTeam "SV Königsjäger Süd-West e.V."]

1. e4 c6 2. d4 Nf6 3. Bd3 d6 4. Nc3 Be6 5. Nge2 Qc8 6. Nf4 Bd7 7. O-O e5 8.
dxe5 dxe5 9. Nh5 Nxh5 10. Qxh5 Be6 11. Qxe5 Nd7 12. Qg3 h6 13. f4 Nf6 14. f5
Bd7 15. e5 Nd5 16. e6 Nf6 17. exd7+ Qxd7 18. Re1+ Kd8 19. Be3 Rg8 20. Rad1 Kc8
21. Bc4 Qxf5 22. Bxf7 Rh8 23. Bb6 axb6 24. Be6+ Qxe6 25. Rxe6 Bc5+ 26. Kh1 Bf8
27. Qe5 Ra5 28. Re8+ 1-0

[Event "10. Lichtenberger Sommer"]
[Site "Berlin"]
[Date "2011.08.17"]
[Round "5.105"]
[White "Pilgrim, Wilfried"]
[Black "Stiewe, Frank"]
[Result "1/2-1/2"]
[WhiteElo "1463"]
[BlackElo "1696"]
[PlyCount "134"]
[EventDate "2011.??.??"]
[WhiteTeam "SC Kreuzberg e.V."]
[BlackTeam "vereinslos"]

1. Nf3 g6 2. e4 Bg7 3. Nc3 c5 4. d4 cxd4 5. Nxd4 a6 6. Be3 Qc7 7. Bd3 Nc6 8.
Nxc6 Qxc6 9. Qd2 e6 10. O-O Ne7 11. Rab1 O-O 12. Ne2 d5 13. Qb4 Qd7 14. f4 Nc6
15. Qd2 dxe4 16. Bxe4 Qxd2 17. Bxd2 Rd8 18. Bc3 Bd4+ 19. Kh1 Bxc3 20. bxc3 Rd6
21. Rfd1 Rxd1+ 22. Rxd1 Ne7 23. g4 Rb8 24. h4 h6 25. Ng3 Kg7 26. h5 g5 27. fxg5
hxg5 28. Kg2 b5 29. Rh1 Kh6 30. Rf1 Kg7 31. h6+ Kxh6 32. Rxf7 Nf5 33. gxf5 exf5
34. Nxf5+ Bxf5 35. Bxf5 g4 36. Kg3 Kg5 37. Be4 Rc8 38. Rf5+ Kh6 39. Kxg4 Rc4
40. Kf4 Kg7 41. Rd5 Rxc3 42. Rd6 Ra3 43. Bd5 a5 44. Bb3 a4 45. Bd5 Rc3 46. Be4
Rc4 47. Ke5 b4 48. Rd4 Rc5+ 49. Rd5 Rc4 50. Ra5 b3 51. cxb3 axb3 52. axb3 Rb4
53. Bd5 Rb6 54. Bc4 Rb8 55. Ra6 Kf8 56. Ra7 Rb6 57. Kd5 Rh6 58. b4 Rh5+ 59. Kd4
Rh4+ 60. Kc3 Rh3+ 61. Bd3 Rh5 62. Ra5 Rh4 63. Rc5 Ke7 64. b5 Rh8 65. b6 Kd6 66.
Rc7 Rb8 67. Rh7 Rxb6 1/2-1/2

[Event "10. Lichtenberger Sommer"]
[Site "Berlin"]
[Date "2011.08.17"]
[Round "5.106"]
[White "Petersen, Marcel"]
[Black "Bauer, Stefan"]
[Result "1-0"]
[WhiteElo "1271"]
[BlackElo "1684"]
[PlyCount "123"]
[EventDate "2011.??.??"]
[WhiteTeam "SG Grün-Weiß Baumschulenweg e.V."]
[BlackTeam "SC Kreuzberg e.V."]

1. e4 c5 2. Nf3 d6 3. d4 cxd4 4. Nxd4 Nc6 5. Be3 Nf6 6. Nc3 a6 7. f3 g6 8. Be2
Bg7 9. Qd2 O-O 10. g4 Bd7 11. h4 Ne5 12. Bh6 Qb6 13. Bxg7 Kxg7 14. O-O-O Rac8
15. g5 Nh5 16. Rdg1 Nc4 17. Bxc4 Rxc4 18. Rd1 Rfc8 19. Qe3 Qc5 20. Qd2 e6 21.
Nb3 Qe5 22. Qxd6 Qxd6 23. Rxd6 Bb5 24. Na5 R4c7 25. Rhd1 Nf4 26. R1d2 e5 27.
Rb6 Bc6 28. Nxc6 bxc6 29. Rxa6 Ne6 30. Ne2 c5 31. Rd5 Nf4 32. Nxf4 exf4 33. a4
Rb7 34. a5 c4 35. Rb6 Ra7 36. a6 c3 37. b3 h6 38. gxh6+ Kxh6 39. Rdd6 Rcc7 40.
Rdc6 Rd7 41. Rxc3 Kh5 42. Rd3 Re7 43. Rd8 Kxh4 44. c4 Kg3 45. Rd3 Rec7 46. Rc3
Rc8 47. Kd2 Kf2 48. c5 Rd7+ 49. Rd6 Ra7 50. b4 Rb8 51. Rb3 Rc7 52. Rd5 Re7 53.
c6 f5 54. e5 Re6 55. c7 Rc8 56. a7 Ree8 57. Rc3 Kg3 58. b5 Rh8 59. b6 Rh2+ 60.
Kc1 Rh1+ 61. Kb2 Rh2+ 62. Rc2 1-0

[Event "10. Lichtenberger Sommer"]
[Site "Berlin"]
[Date "2011.08.17"]
[Round "5.107"]
[White "Wolfram, Mike"]
[Black "Dittrich, Tom"]
[Result "1-0"]
[WhiteElo "1640"]
[BlackElo "1157"]
[PlyCount "55"]
[EventDate "2011.??.??"]
[WhiteTeam "BSG 1827 Eckbauer e.V."]
[BlackTeam "SG Blau-Weiß Stadtilm"]

1. e4 c5 2. Nf3 d6 3. Bc4 Nc6 4. c3 g6 5. d4 cxd4 6. cxd4 Bg7 7. Nc3 e6 8. O-O
Nge7 9. d5 Ne5 10. Nxe5 Bxe5 11. Bh6 Ng8 12. Be3 Bg7 13. dxe6 Bxe6 14. Bxe6
fxe6 15. Qb3 Qe7 16. Rac1 Nf6 17. Nb5 O-O 18. Rc7 Qd8 19. Qxe6+ Kh8 20. Rfc1
Qe8 21. Nd4 Qd8 22. Nf3 Qe8 23. Qb3 Rb8 24. Ng5 h6 25. Nf7+ Kh7 26. Nxd6 Qe5
27. Nf7 Qxe4 28. Bxh6 1-0

[Event "10. Lichtenberger Sommer"]
[Site "Berlin"]
[Date "2011.08.17"]
[Round "5.108"]
[White "Berg, Gerd"]
[Black "Güldenpfennig, Gavin"]
[Result "1-0"]
[WhiteElo "1623"]
[BlackElo "1203"]
[PlyCount "75"]
[EventDate "2011.??.??"]
[WhiteTeam "SK König Tegel 1949 e.V."]
[BlackTeam "BSC Rehberge 1945 e.V."]

1. c4 Nf6 2. Nc3 e6 3. Nf3 Nc6 4. a3 Be7 5. d4 d5 6. e3 O-O 7. Be2 Bd7 8. b4
dxc4 9. Bxc4 a6 10. Bb2 b5 11. Bd3 h6 12. Qc2 Bd6 13. Ne4 Nxe4 14. Bxe4 Qe8 15.
Rc1 Nxb4 16. axb4 Bxb4+ 17. Bc3 Bxc3+ 18. Qxc3 Ra7 19. Ne5 f6 20. Bg6 Qe7 21.
Nxd7 Qxd7 22. O-O f5 23. Qc5 Rb7 24. Bh5 g5 25. Bf3 Rbb8 26. Qxc7 Qxc7 27. Rxc7
Rb6 28. Rfc1 Rfb8 29. Bh5 R8b7 30. Bf7+ Kg7 31. Rxb7 Rxb7 32. Bxe6 Kf6 33. Rc6
Ra7 34. Bc8+ Ke7 35. Rxh6 Rc7 36. Rh7+ Kd8 37. Rxc7 Kxc7 38. Bxa6 1-0

[Event "10. Lichtenberger Sommer"]
[Site "Berlin"]
[Date "2011.08.17"]
[Round "5.109"]
[White "Heyne, Klaus"]
[Black "Hubbe, Bernd"]
[Result "1-0"]
[WhiteElo "1477"]
[BlackElo "1353"]
[PlyCount "133"]
[EventDate "2011.??.??"]
[WhiteTeam "SV Berolina Mitte e.V."]
[BlackTeam "SC Rotation Pankow e.V."]

1. d4 d5 2. Nf3 Nc6 3. g3 Nf6 4. Nc3 e6 5. Bg2 h6 6. O-O Bd6 7. Nb5 a6 8. Nxd6+
Qxd6 9. Bf4 Qe7 10. Ne5 g5 11. Nxc6 bxc6 12. Be5 O-O 13. Qd3 Ng4 14. Qa3 Re8
15. Qxe7 Rxe7 16. h3 f6 17. hxg4 fxe5 18. dxe5 Rh7 19. Bf3 a5 20. a4 Bd7 21. b3
c5 22. e4 d4 23. Rad1 Rd8 24. Rd2 Be8 25. Rfd1 Rf7 26. Be2 c6 27. Bc4 Re7 28.
c3 Bf7 29. cxd4 Red7 30. Kf1 cxd4 31. f3 c5 32. Kf2 Kf8 33. Rh1 Kg7 34. Ke2 Rh8
35. Kd3 Rdd8 36. Rc2 h5 37. Rch2 Rdf8 38. Ke2 Rh6 39. gxh5 Rfh8 40. g4 Kf8 41.
Rc1 Ke7 42. Bb5 Rc8 43. Kd3 Be8 44. Bxe8 Kxe8 45. Rhc2 Rh7 46. Rxc5 Rd8 47. Rc8
Rf7 48. Rxd8+ Kxd8 49. Kxd4 Rxf3 50. Rc3 Rf4 51. Rg3 Rf7 52. Ke3 Rb7 53. Kd4
Rb4+ 54. Kc5 Rxe4 55. Kd6 Rf4 56. Kxe6 Ke8 57. h6 Kf8 58. h7 Kg7 59. Rh3 Kh8
60. Kd6 Rxg4 61. e6 Rd4+ 62. Ke7 Rh4 63. Rxh4 gxh4 64. Kf7 h3 65. e7 h2 66.
e8=Q+ Kxh7 67. Qe1 1-0

[Event "10. Lichtenberger Sommer"]
[Site "Berlin"]
[Date "2011.08.17"]
[Round "5.110"]
[White "Lippianowski, Stefan"]
[Black "Mildenberger, Hans"]
[Result "1/2-1/2"]
[WhiteElo "1261"]
[BlackElo "1633"]
[PlyCount "134"]
[EventDate "2011.??.??"]
[WhiteTeam "Treptower SV 1949 e.V."]
[BlackTeam "SG BVG Helmholtz 55"]

1. d4 Nf6 2. Nc3 d5 3. Bf4 Bf5 4. Nb5 Na6 5. Nf3 c6 6. Nc3 e6 7. a3 Bd6 8. Ne5
O-O 9. e3 Rc8 10. Bd3 Bxd3 11. Nxd3 Bxf4 12. Nxf4 Qd7 13. Nd3 Qd6 14. Ne5 h6
15. f4 Nh7 16. Qf3 Nc7 17. Qg3 a6 18. Ng4 Kh8 19. O-O-O f6 20. Ne2 c5 21. Qe1
c4 22. c3 a5 23. Ng3 Na6 24. Kd2 b5 25. Nh5 Rf7 26. Rf1 b4 27. Ke2 bxc3 28.
Qxc3 Qb6 29. Ng3 Rfc7 30. f5 Ng5 31. h4 exf5 32. Rxf5 Nf7 33. Rxd5 Qe6 34. e4
Qxg4+ 35. Qf3 Qxf3+ 36. gxf3 Rb7 37. Rxa5 Rxb2+ 38. Ke3 c3 39. Rc1 c2 40. Rxa6
Rb1 41. Kd2 Rb2 42. Ra7 Nd6 43. Kd3 Rb3+ 44. Ke2 Nb5 45. Rd7 Nxa3 46. Nf5 Rb1
47. Kd2 Rb3 48. Rxg7 Rxf3 49. Rd7 Rh3 50. Nxh6 Rh2+ 51. Ke3 Rc3+ 52. Kf4 Rxh4+
53. Ng4 Rhh3 54. Rd8+ Kg7 55. Kf5 Rhf3+ 56. Ke6 Nb5 57. Rb8 Nc7+ 58. Ke7 f5 59.
Ne5 fxe4 60. Nxf3 exf3 61. Rg1+ Kh7 62. Rf8 c1=Q 63. Rf7+ Kh8 64. Rf8+ Kh7 65.
Rf7+ Kh6 66. Rxc1 Rxc1 67. Rxf3 Re1+ 1/2-1/2

[Event "10. Lichtenberger Sommer"]
[Site "Berlin"]
[Date "2011.08.18"]
[Round "6.1"]
[White "Franco Alonso, Alejandro"]
[Black "Kalinitschew, Sergey"]
[Result "0-1"]
[WhiteElo "2452"]
[BlackElo "2431"]
[PlyCount "78"]
[EventDate "2011.??.??"]
[WhiteTeam "Gros Xake Taldea"]
[BlackTeam "SC Kreuzberg e.V."]

1. Nf3 f5 2. g3 Nf6 3. c4 g6 4. Bg2 Bg7 5. O-O d6 6. d4 O-O 7. Nc3 c6 8. Rb1
Qe8 9. d5 c5 10. Ne1 Na6 11. Nd3 Bd7 12. Qb3 Rb8 13. a4 h6 14. Bd2 g5 15. Rbe1
Kh8 16. f4 g4 17. Qd1 Nb4 18. Nf2 Qf7 19. e4 fxe4 20. Ncxe4 Nxe4 21. Bxe4 h5
22. Bc3 Na2 23. Bxg7+ Qxg7 24. Bb1 Nb4 25. Re3 Rbe8 26. Qe2 Bxa4 27. Ne4 Qd4
28. Ng5 e5 29. dxe6 d5 30. Qf2 dxc4 31. h3 Nd3 32. Bxd3 cxd3 33. Qd2 Re7 34.
Kh2 Bb5 35. Re5 Bc6 36. Nf7+ Kg7 37. f5 Rexf7 38. Qg5+ Kh7 39. exf7 Qxb2+ 0-1

[Event "10. Lichtenberger Sommer"]
[Site "Berlin"]
[Date "2011.08.18"]
[Round "6.2"]
[White "Bruedigam, Martin"]
[Black "Wendt, Jan-Dietrich"]
[Result "1/2-1/2"]
[WhiteElo "2322"]
[BlackElo "2360"]
[PlyCount "43"]
[EventDate "2011.??.??"]
[WhiteTeam "USV Potsdam e.V., Abt. Schach"]
[BlackTeam "Sfrd. Berlin 1903 e.V."]

1. e4 c5 2. Nf3 e6 3. d4 cxd4 4. Nxd4 Nf6 5. Nc3 Nc6 6. Ndb5 d6 7. Bf4 e5 8.
Bg5 a6 9. Na3 b5 10. Bxf6 gxf6 11. Nd5 Bg7 12. c3 f5 13. exf5 Bxf5 14. Nc2 O-O
15. Nce3 Be6 16. Bd3 f5 17. O-O Ra7 18. a4 Ne7 19. Nxe7+ Rxe7 20. axb5 axb5 21.
Bxb5 d5 22. Ra6 1/2-1/2

[Event "10. Lichtenberger Sommer"]
[Site "Berlin"]
[Date "2011.08.18"]
[Round "6.3"]
[White "Muse, Drazen"]
[Black "Reichenbach, Werner"]
[Result "1/2-1/2"]
[WhiteElo "2381"]
[BlackElo "2313"]
[PlyCount "21"]
[EventDate "2011.??.??"]
[WhiteTeam "SK König Tegel 1949 e.V."]
[BlackTeam "Schachclub Oberkrämer"]

1. d4 Nf6 2. c4 e6 3. Nf3 b6 4. e3 Bb7 5. Bd3 d5 6. O-O Be7 7. Nc3 O-O 8. b3
Nbd7 9. Bb2 c5 10. cxd5 exd5 11. Rc1 1/2-1/2

[Event "10. Lichtenberger Sommer"]
[Site "Berlin"]
[Date "2011.08.18"]
[Round "6.4"]
[White "Skibbe, Willi"]
[Black "Rabiega, Robert"]
[Result "1/2-1/2"]
[WhiteElo "2213"]
[BlackElo "2507"]
[PlyCount "146"]
[EventDate "2011.??.??"]
[WhiteTeam "SSC Rostock 07"]
[BlackTeam "SK König Tegel 1949 e.V."]

1. Nf3 Nc6 2. d4 d5 3. c4 Bg4 4. cxd5 Bxf3 5. gxf3 Qxd5 6. e3 e5 7. Nc3 Bb4 8.
Bd2 Bxc3 9. bxc3 Nf6 10. c4 Qd6 11. d5 Nb8 12. Rb1 b6 13. Bb4 c5 14. Bc3 O-O
15. Bd3 Nbd7 16. Qc2 g6 17. Kd2 a6 18. a4 Rfe8 19. h4 Nh5 20. Be2 Ndf6 21. Rb3
Nd7 22. Ba1 Rab8 23. Qb2 f6 24. Bf1 f5 25. Be2 Nhf6 26. Qb1 Kf7 27. e4 f4 28.
Bf1 Kg7 29. Bc3 Qc7 30. Qb2 Re7 31. Bh3 b5 32. axb5 Nb6 33. Kd3 Na4 34. Qa3
axb5 35. Rxb5 Rxb5 36. cxb5 Nxc3 37. Kxc3 Ne8 38. Rb1 Qb6 39. Qa6 Qb8 40. b6
Nd6 41. Qa3 c4 42. Bf1 Rb7 43. Qc5 Nc8 44. Bxc4 Rxb6 45. Rxb6 Nxb6 46. Kd2 Nc8
47. Qa3 Nd6 48. Bd3 Qd8 49. Qa7+ Kh6 50. Ke2 Qxh4 51. Qd7 Qf6 52. Qh3+ Kg7 53.
Qd7+ Kh8 54. Ke1 Nf7 55. Bf1 Kg7 56. Bh3 Qd8 57. Qa7 Kf6 58. Be6 Ng5 59. Ke2
Nxe6 60. dxe6 Qe7 61. Qb8 Kxe6 62. Kf1 Kf6 63. Qc8 h5 64. Kg2 Kg5 65. Qh8 Qf6
66. Qc8 Kh6 67. Qe8 g5 68. Qc8 Kg6 69. Qg8+ Kh6 70. Qc8 Qg7 71. Qe6+ Kh7 72.
Qf5+ Kg8 73. Qe6+ Kh7 1/2-1/2

[Event "10. Lichtenberger Sommer"]
[Site "Berlin"]
[Date "2011.08.18"]
[Round "6.5"]
[White "Schulz, Michael"]
[Black "Lagunow, Alexander"]
[Result "1/2-1/2"]
[WhiteElo "2233"]
[BlackElo "2434"]
[PlyCount "52"]
[EventDate "2011.??.??"]
[WhiteTeam "SC Empor Potsdam 1952 e.V."]
[BlackTeam "TuS Makkabi Berlin e.V."]

1. e4 e5 2. d4 exd4 3. Qxd4 Nc6 4. Qe3 g6 5. Nc3 Bg7 6. Bd2 Nf6 7. O-O-O O-O 8.
f4 Re8 9. Bc4 Nxe4 10. Bxf7+ Kxf7 11. Nxe4 d5 12. Ng5+ Kg8 13. Qg3 Qf6 14. Bc3
d4 15. Bd2 h6 16. Qb3+ Kh8 17. h4 Re7 18. N1f3 Bg4 19. Ne5 Nxe5 20. fxe5 Qxe5
21. Rde1 Qc5 22. Rxe7 Qxe7 23. Nf7+ Kh7 24. Ng5+ Kh8 25. Nf7+ Kh7 26. Ng5+ Kh8
1/2-1/2

[Event "10. Lichtenberger Sommer"]
[Site "Berlin"]
[Date "2011.08.18"]
[Round "6.7"]
[White "Klundt, Klaus"]
[Black "Schreyer, Oliver"]
[Result "0-1"]
[WhiteElo "2377"]
[BlackElo "2130"]
[PlyCount "89"]
[EventDate "2011.??.??"]
[WhiteTeam "SC Heusenstamm"]
[BlackTeam "Schachverein 1949 Herzogenrath"]

1. e4 d5 2. exd5 Qxd5 3. Nc3 Qa5 4. d4 Nf6 5. Nf3 Bf5 6. Bc4 e6 7. Bd2 c6 8.
Nd5 Qd8 9. Nxf6+ gxf6 10. Bb3 Qc7 11. Qe2 Nd7 12. Nh4 Bg6 13. O-O-O O-O-O 14.
g3 Bd6 15. Kb1 f5 16. c4 c5 17. Bg5 f6 18. Nxg6 hxg6 19. Be3 e5 20. dxc5 Bxc5
21. Rd5 b6 22. Bc2 Bxe3 23. fxe3 e4 24. Rhd1 Nc5 25. b4 Nb7 26. Ba4 Kb8 27. Bb5
Rxd5 28. Rxd5 Rd8 29. Rxd8+ Qxd8 30. Kc2 Qe7 31. Qd2 Qd6 32. Be8 g5 33. Bd7 Qe5
34. Qd4 Nd6 35. c5 bxc5 36. bxc5 Qxd4 37. exd4 Kc7 38. Ba4 Nc4 39. Kc3 Ne3 40.
Kd2 Nf1+ 41. Ke2 Nxh2 42. d5 Nf3 43. d6+ Kb7 44. c6+ Kc8 45. Ke3 0-1

[Event "10. Lichtenberger Sommer"]
[Site "Berlin"]
[Date "2011.08.18"]
[Round "6.8"]
[White "Dimitrijeski, Kristian"]
[Black "Rietze, Clemens"]
[Result "0-1"]
[WhiteElo "2198"]
[BlackElo "2310"]
[PlyCount "72"]
[EventDate "2011.??.??"]
[WhiteTeam "SK König Tegel 1949 e.V."]
[BlackTeam "USV Potsdam e.V., Abt. Schach"]

1. d4 Nf6 2. c4 g6 3. Nc3 d5 4. Nf3 Bg7 5. e3 O-O 6. b4 Bg4 7. h3 Bxf3 8. Qxf3
e5 9. dxe5 Ne4 10. Bb2 Bxe5 11. Rc1 Nxc3 12. Bxc3 Bxc3+ 13. Rxc3 Qe7 14. Rb3
Nc6 15. cxd5 Nd4 16. Qd1 Nxb3 17. Qxb3 Qe4 18. Qc4 Qb1+ 19. Ke2 c6 20. dxc6
bxc6 21. Kf3 Rab8 22. a3 Rfd8 23. Qxf7+ Kxf7 24. Bc4+ Kf6 25. Rxb1 Rd2 26. Kg3
Rc2 27. Bd3 Rc3 28. Be4 c5 29. b5 Rxa3 30. Bc6 c4 31. Rb4 c3 32. Rc4 Ke5 33.
f4+ Kd6 34. e4 a6 35. e5+ Ke7 36. bxa6 Rc8 0-1